[Event "Paul Keres Memorial-U20 Girls 2020"]
[Site "Parnu"]
[Date "2020.07.30"]
[Round "6.5"]
[White "Narva, Mai"]
[Black "Olde, Grete"]
[Result "0-1"]
[WhiteElo "2333"]
[BlackElo "1968"]
[Annotator "RC"]
[PlyCount "100"]
[EventDate "2020.07.27"]
[EventType "tourn"]
[EventCountry "EST"]
[SourceTitle "playchess.com"]
[Source "ChessBase"]
[SourceQuality "1"]
[TimeControl "5400+30"]

1. e4 {[%emt 0:00:34]} e5 {[%emt 0:00:00]} 2. Nf3 {[%emt 0:00:07]} Nc6 {[%emt 0:00:00]} 3. Bb5 {[%emt 0:00:07]} a6 {[%emt 0:00:00]} 4. Ba4 {[%emt 0:00:06]} Nf6 {[%emt 0:00:00]} 5. O-O {[%emt 0:00:08]} Be7 {[%emt 0:00:00]} 6. Re1 {[%emt 0:00:07]} b5 {[%emt 0:00:08]} 7. Bb3 {[%emt 0:00:05]} d6 {[%emt 0:00:07]} 8. c3 {[%emt 0:00:08]} O-O {[%emt 0:00:07]} 9. h3 {[%emt 0:00:07]} Na5 {[%emt 0:00:17]} 10. Bc2 {[%emt 0:00:08]} c5 {[%emt 0:00:08]} 11. d4 {[%emt 0:00:07]} Nd7 {[%emt 0:00:11]} 12. Nbd2 {[%emt 0:00:18]} exd4 {[%emt 0:00:28]} 13. cxd4 {[%emt 0:00:07]} Nc6 {[%emt 0:00:09]} 14. d5 {[%emt 0:00:16]} Nce5 {[%emt 0:00:09]} 15. a4 {[%emt 0:00:13]} Bb7 {[%emt 0:04:54]} 16. Nxe5 {[%emt 0:00:41]} Nxe5 {[%emt 0:00:22]} 17. f4 {[%emt 0:00:18]} Ng6 {[%emt 0:00:45]} 18. Nf3 {[%emt 0:00:23]} Re8 {[%emt 0:02:55]} 19. Kh2 {[%emt 0:11:31]} Bf6 {[%emt 0:04:33]} 20. Ra2 {[%emt 0:04:28]} b4 {[%emt 0:07:05]} 21. Bd3 {[%emt 0:24:14]} Qb6 {[%emt 0:07:49]} 22. b3 {[%emt 0:08:38]} Rac8 {[%emt 0:06:39]} 23. Rae2 {[%emt 0:06:41]} Qc7 {[%emt 0:06:30]} 24. e5 {[%emt 0:19:50]} Be7 {[%emt 0:15:11]} 25. Bf5 {[%emt 0:05:57]} Rcd8 {[%emt 0:05:39]} 26. e6 {[%emt 0:01:53]} Bc8 {[%emt 0:04:56]} 27. Qd3 {[%emt 0:13:00]} Bf6 {[%emt 0:08:32]} 28. h4 {[%emt 0:01:11]} Nf8 {[%emt 0:03:49]} 29. exf7+ {[%emt 0:02:31]} Qxf7 {[%emt 0:01:30]} 30. Bxc8 {[%emt 0:00:27]} Rxc8 {[%emt 0:00:10]} 31. Rxe8 {[%emt 0:00:32]} Rxe8 {[%emt 0:00:05]} 32. Rxe8 {[%emt 0:00:12]} Qxe8 {[%emt 0:00:06]} 33. Qxa6 {[%emt 0:00:13]} Qe7 {[%emt 0:02:44]} 34. h5 {[%emt 0:01:10]} Qf7 {[%emt 0:02:17]} 35. Qxd6 {[%emt 0:00:27]} Qxh5+ {[%emt 0:00:09]} 36. Kg1 {[%emt 0:00:18]} Bd4+ {[%emt 0:01:59]} 37. Nxd4 {[%emt 0:00:34]} Qd1+ {[%emt 0:01:04]} 38. Kh2 {[%emt 0:00:34]} cxd4 {[%emt 0:03:17]} 39. Qc7 {[%emt 0:00:36]} d3 {[%emt 0:02:25]} 40. Bb2 {[%emt 0:00:29]} Qh5+ {[%emt 0:00:39]} 41. Kg3 {[%emt 0:00:29]} Qg6+ {[%emt 0:01:45]} 42. Kf2 {[%emt 0:00:21]} d2 {[%emt 0:00:43]} 43. Ke2 {[%emt 0:00:22]} Qd3+ {[%emt 0:00:17]} 44. Kxd3 {[%emt 0:00:09]} d1=Q+ {[%emt 0:00:07]} 45. Ke4 {[%emt 0:01:00]} Qe2+ {[%emt 0:01:08]} 46. Kf5 {[%emt 0:00:20]} g6+ {[%emt 0:02:29]} 47. Kg5 {[%emt 0:00:51]} Qxg2+ {[%emt 0:01:07]} 48. Kh6 {[%emt 0:00:30]} Qxb2 {[%emt 0:00:58]} 49. Qe7 {[%emt 0:00:31]} Qh2+ {[%emt 0:00:26]} 50. Kg5 {[%emt 0:00:05]} Qh5+ {[%emt 0:00:05]} 0-1

[Event "Paul Keres Memorial-U20 Girls 2020"]
[Site "Parnu"]
[Date "2020.08.01"]
[Round "7.1"]
[White "Olde, Grete"]
[Black "Olde, Margareth"]
[Result "0-1"]
[WhiteElo "1968"]
[BlackElo "2201"]
[Annotator "ChessBase"]
[PlyCount "72"]
[EventDate "2020.07.27"]
[EventType "tourn"]
[EventCountry "EST"]
[TimeControl "5400+30"]

1. e4 {[%emt 0:00:00]} c5 {[%emt 0:00:00]} 2. Nc3 {[%emt 0:03:02]} a6 {[%emt 0:00:00]} 3. g3 {[%emt 0:00:10]} b5 {[%emt 0:00:00]} 4. Bg2 {[%emt 0:00:11]} Bb7 {[%emt 0:00:00]} 5. d3 {[%emt 0:00:19]} e6 {[%emt 0:00:05]} 6. f4 {[%emt 0:00:26]} d5 {[%emt 0:00:09]} 7. e5 {[%emt 0:01:04]} Ne7 {[%emt 0:00:11]} 8. Nf3 {[%emt 0:00:57]} Nf5 {[%emt 0:00:14]} 9. O-O {[%emt 0:01:45]} h5 {[%emt 0:00:06]} 10. Bh3 {[%emt 0:07:31]} Nc6 {[%emt 0:05:44]} 11. Ne2 {[%emt 0:07:59]} Be7 {[%emt 0:05:09]} 12. d4 {[%emt 0:05:44]} Nfxd4 {[%emt 0:06:26]} 13. Nexd4 {[%emt 0:03:27]} Nxd4 {[%emt 0:05:12]} 14. Nxd4 {[%emt 0:01:01]} cxd4 {[%emt 0:00:03]} 15. f5 {[%emt 0:05:00]} exf5 {[%emt 0:06:56]} 16. Rxf5 {[%emt 0:05:07]} g6 {[%emt 0:07:57]} 17. Rf2 {[%emt 0:05:36]} Bc8 {[%emt 0:05:43]} 18. e6 {[%emt 0:04:47]} Bxe6 {[%emt 0:05:08]} 19. Bxe6 {[%emt 0:04:22]} fxe6 {[%emt 0:00:07]} 20. Qxd4 {[%emt 0:00:26]} Rg8 {[%emt 0:00:42]} 21. Bh6 {[%emt 0:03:56]} Rc8 {[%emt 0:06:08]} 22. Qf4 {[%emt 0:04:19]} Kd7 {[%emt 0:00:47]} 23. Re2 {[%emt 0:02:07]} g5 {[%emt 0:10:10]} 24. Qf7 {[%emt 0:02:45]} Rc6 {[%emt 0:14:38]} 25. Bg7 {[%emt 0:14:03]} Qe8 {[%emt 0:00:00]} 26. Rf1 {[%emt 0:01:54]} Qxf7 {[%emt 0:00:00]} 27. Rxf7 {[%emt 0:00:05]} Ke8 {[%emt 0:00:00]} 28. Ref2 {[%emt 0:00:51]} Bc5 {[%emt 0:00:00]} 29. Bc3 {[%emt 0:00:55]} Bxf2+ {[%emt 0:00:00]} 30. Rxf2 {[%emt 0:00:08]} Rf8 {[%emt 0:00:00]} 31. Re2 {[%emt 0:00:22]} Kd7 {[%emt 0:00:00]} 32. Kg2 {[%emt 0:00:20]} Rc4 {[%emt 0:00:00]} 33. Bg7 {[%emt 0:00:22]} Rf7 {[%emt 0:00:00]} 34. Bh8 {[%emt 0:00:24]} h4 {[%emt 0:00:00]} 35. c3 {[%emt 0:00:24]} h3+ {[%emt 0:00:00]} 36. Kg1 {[%emt 0:00:19]} Re4 {[%emt 0:00:00]} 0-1

[Event "Paul Keres Memorial-U20 Girls 2020"]
[Site "Parnu"]
[Date "2020.08.01"]
[Round "7.2"]
[White "Tonso, Liina"]
[Black "Narva, Mai"]
[Result "1/2-1/2"]
[WhiteElo "1862"]
[BlackElo "2333"]
[Annotator "ChessBase"]
[PlyCount "150"]
[EventDate "2020.07.27"]
[EventType "tourn"]
[EventCountry "EST"]
[TimeControl "5400+30"]

1. d4 {[%emt 0:00:00]} Nf6 {[%emt 0:00:00]} 2. Nf3 {[%emt 0:00:00]} e6 {[%emt 0:00:00]} 3. Bf4 {[%emt 0:00:27]} b6 {[%emt 0:00:56]} 4. e3 {[%emt 0:02:23]} Bb7 {[%emt 0:00:19]} 5. Bd3 {[%emt 0:02:16]} Be7 {[%emt 0:00:36]} 6. h3 {[%emt 0:01:27]} O-O {[%emt 0:00:45]} 7. Nbd2 {[%emt 0:01:46]} c5 {[%emt 0:01:28]} 8. c3 {[%emt 0:03:14]} d5 {[%emt 0:03:26]} 9. O-O {[%emt 0:01:02]} Nc6 {[%emt 0:03:37]} 10. Qe2 {[%emt 0:04:17]} Bd6 {[%emt 0:04:52]} 11. Ne5 {[%emt 0:13:40]} Qc7 {[%emt 0:05:04]} 12. Ndf3 {[%emt 0:05:11]} Ne4 {[%emt 0:15:06]} 13. Nxc6 {[%emt 0:04:24]} Bxc6 {[%emt 0:02:34]} 14. Bxd6 {[%emt 0:05:02]} Qxd6 {[%emt 0:00:37]} 15. a4 {[%emt 0:02:42]} a5 {[%emt 0:03:54]} 16. Ne5 {[%emt 0:06:07]} Bb7 {[%emt 0:01:10]} 17. Rfd1 {[%emt 0:01:56]} f6 {[%emt 0:02:41]} 18. Nf3 {[%emt 0:01:38]} Qc7 {[%emt 0:05:29]} 19. c4 {[%emt 0:07:30]} Rac8 {[%emt 0:08:51]} 20. Rac1 {[%emt 0:02:37]} Qe7 {[%emt 0:03:45]} 21. b3 {[%emt 0:04:40]} Rfd8 {[%emt 0:01:34]} 22. Qb2 {[%emt 0:03:04]} Kh8 {[%emt 0:02:36]} 23. Nd2 {[%emt 0:06:28]} cxd4 {[%emt 0:09:41]} 24. exd4 {[%emt 0:00:36]} Ng5 {[%emt 0:02:43]} 25. Nf1 {[%emt 0:01:57]} Qd6 {[%emt 0:03:07]} 26. Be2 {[%emt 0:01:45]} Qc6 {[%emt 0:05:48]} 27. Ne3 {[%emt 0:02:03]} dxc4 {[%emt 0:01:09]} 28. Rxc4 {[%emt 0:01:48]} Qe4 {[%emt 0:00:38]} 29. d5 {[%emt 0:04:06]} Qg6 {[%emt 0:08:44]} 30. Kh2 {[%emt 0:01:32]} exd5 {[%emt 0:00:47]} 31. Rxc8 {[%emt 0:01:39]} Rxc8 {[%emt 0:00:09]} 32. Nxd5 {[%emt 0:00:37]} Re8 {[%emt 0:02:42]} 33. Bb5 {[%emt 0:01:03]} Rf8 {[%emt 0:01:06]} 34. Qd4 {[%emt 0:01:07]} Ne6 {[%emt 0:00:30]} 35. Qe3 {[%emt 0:02:02]} f5 {[%emt 0:00:28]} 36. Qg3 {[%emt 0:01:36]} Qxg3+ {[%emt 0:00:34]} 37. Kxg3 {[%emt 0:00:04]} Rd8 {[%emt 0:00:28]} 38. Bc4 {[%emt 0:00:53]} f4+ {[%emt 0:00:31]} 39. Kf3 {[%emt 0:00:58]} Re8 {[%emt 0:00:30]} 40. Kg4 {[%emt 0:01:36]} Rd8 {[%emt 0:00:30]} 41. Re1 {[%emt 0:01:03]} Bc8 {[%emt 0:00:30]} 42. Nxb6 {[%emt 0:00:31]} Nc5+ {[%emt 0:00:28]} 43. Nxc8 {[%emt 0:00:11]} Rxc8 {[%emt 0:00:05]} 44. Kxf4 {[%emt 0:00:24]} g6 {[%emt 0:00:55]} 45. Re7 {[%emt 0:00:45]} Nxa4 {[%emt 0:00:29]} 46. Be6 {[%emt 0:01:06]} Rf8+ {[%emt 0:00:13]} 47. Rf7 {[%emt 0:00:06]} Rxf7+ {[%emt 0:00:09]} 48. Bxf7 {[%emt 0:00:04]} Nc3 {[%emt 0:00:54]} 49. Be8 {[%emt 0:00:39]} Kg7 {[%emt 0:00:24]} 50. Bc6 {[%emt 0:00:35]} Kf6 {[%emt 0:00:12]} 51. Ke3 {[%emt 0:00:12]} Ke5 {[%emt 0:00:18]} 52. Kd3 {[%emt 0:01:09]} Nd1 {[%emt 0:00:25]} 53. Kc4 {[%emt 0:00:51]} Nxf2 {[%emt 0:00:48]} 54. Kb5 {[%emt 0:00:11]} Kd6 {[%emt 0:00:53]} 55. Bf3 {[%emt 0:00:26]} Nd3 {[%emt 0:00:33]} 56. Kxa5 {[%emt 0:00:54]} Kc5 {[%emt 0:00:13]} 57. Be2 {[%emt 0:00:55]} Nb4 {[%emt 0:00:15]} 58. Ka4 {[%emt 0:00:25]} g5 {[%emt 0:01:08]} 59. Ka3 {[%emt 0:00:38]} h6 {[%emt 0:00:15]} 60. Bf3 {[%emt 0:00:32]} Nd3 {[%emt 0:00:18]} 61. Be4 {[%emt 0:00:29]} Nb4 {[%emt 0:00:14]} 62. Kb2 {[%emt 0:00:43]} Kd4 {[%emt 0:00:23]} 63. Bf3 {[%emt 0:00:23]} Kd3 {[%emt 0:00:34]} 64. Bb7 {[%emt 0:00:37]} Kd4 {[%emt 0:00:12]} 65. Bf3 {[%emt 0:00:45]} Kd3 {[%emt 0:00:08]} 66. Bg4 {[%emt 0:00:23]} Kd4 {[%emt 0:00:26]} 67. Be6 {[%emt 0:00:26]} Nd3+ {[%emt 0:01:09]} 68. Ka3 {[%emt 0:00:22]} Nf4 {[%emt 0:00:23]} 69. Bg4 {[%emt 0:00:31]} Nxg2 {[%emt 0:00:23]} 70. b4 {[%emt 0:00:19]} Nf4 {[%emt 0:01:34]} 71. Ka4 {[%emt 0:00:21]} h5 {[%emt 0:00:39]} 72. Bf3 {[%emt 0:00:24]} Nxh3 {[%emt 0:00:29]} 73. Bxh5 {[%emt 0:00:23]} Nf4 {[%emt 0:00:15]} 74. Bg4 {[%emt 0:00:23]} Nd5 {[%emt 0:00:14]} 75. b5 {[%emt 0:00:12]} Nc3+ {[%emt 0:00:07]} 1/2-1/2

[Event "Paul Keres Memorial-U20 Girls 2020"]
[Site "Parnu"]
[Date "2020.08.01"]
[Round "7.3"]
[White "Norlamo, Sarabella"]
[Black "Nazarova, Anastasia"]
[Result "1/2-1/2"]
[WhiteElo "2023"]
[BlackElo "2171"]
[Annotator "TA"]
[PlyCount "77"]
[EventDate "2020.07.27"]
[EventType "tourn"]
[EventCountry "EST"]

{[%evp 17,77,26,18,18,20,31,42,19,27,29,24,22,20,23,47,41,54,18,19,2,10,9,20,10,51,37,45,49,102,86,120,122,122,114,187,137,309,311,480,449,557,560,585,577,563,384,389,236,287,288,277,111,110,103,256,49,116,130,112,104,97,79]} 1. c4 e6 2. d4 Nf6 3. Nc3 Bb4 4. Qc2 d5 5. a3 Bxc3+ 6. Qxc3 Ne4 7. Qc2 c5 8. dxc5 Nc6 9. Nf3 Qa5+ 10. Bd2 {E37: Nimzo-Indian: Classical: 4...d5 5 a3 Bxc3+ 6 Qxc3 Ne4.} Qxc5 11. e3 O-O 12. Bd3 {White is slightly better.} Nxd2 13. Nxd2 h6 14. cxd5 Qxd5 15. Be4 {[#]} Qg5 $146 ({Predecessor:} 15... Qb5 16. Nc4 Rd8 17. O-O e5 18. Rfd1 Be6 19. Nd6 Qb6 20. Qc3 Nd4 21. exd4 Qxd6 {½-½ (37) Akobian,V (2635)-Laznicka,V (2676) Baku 2015}) 16. O-O Bd7 17. Nf3 Qe7 18. Rac1 Rfd8 19. Rfd1 $36 {[%mdl 2048] White is more active.} Rac8 20. Qe2 e5 21. h3 a6 22. b4 Kh8 (22... Nb8 $14) 23. Qb2 $16 Re8 24. Rc5 {[%cal Bc1c5,Bc5d5,Bd5d2][%mdl 32]} b6 25. Rcd5 Be6 (25... Red8 $16 26. R5d2 (26. Nxe5 Nxe5 27. Qxe5 Qxe5 $16) 26... Be8 27. Rxd8 Rxd8 28. Rxd8 Qxd8) 26. R5d2 f6 $2 (26... b5 $16 27. Bxc6 (27. Nxe5 Nxe5 28. Qxe5 Bxh3 $16) 27... Rxc6) 27. Nh4 $18 {[#] Ng6+ is the strong threat.} Kg8 (27... Qa7 {was necessary.} 28. Nf5 Rf8) 28. Nf5 Bxf5 29. Bxf5 Rc7 30. Rd7 Rxd7 31. Rxd7 Qf8 32. Qd2 {Strongly threatening Qd5+.} Kh8 33. Bg6 Rd8 34. Rxd8 (34. Qd5 $18 {and White stays clearly on top.} Rxd7 35. Qxd7) 34... Qxd8 $16 35. Qc2 Qd6 $2 {[#]} (35... Ne7 $16 {keeps fighting.}) 36. Bd3 $2 (36. Qa4 $1 $18) 36... a5 (36... b5 $14) 37. bxa5 {White is better.} bxa5 38. a4 Ne7 39. Be4 {Accuracy: White = 70%, Black = 46%.} 1/2-1/2

[Event "Paul Keres Memorial-U20 Girls 2020"]
[Site "Parnu"]
[Date "2020.08.01"]
[Round "7.4"]
[White "Nilssen, Ellen Fredericia"]
[Black "Kiolbasa, Oliwia"]
[Result "1/2-1/2"]
[WhiteElo "2071"]
[BlackElo "2160"]
[Annotator "ChessBase"]
[PlyCount "29"]
[EventDate "2020.07.27"]
[EventType "tourn"]
[EventCountry "EST"]
[TimeControl "5400+30"]

1. c4 {[%emt 0:00:01]} Nf6 {[%emt 0:01:57]} 2. Nc3 {[%emt 0:00:22]} c5 {[%emt 0:03:23]} 3. g3 {[%emt 0:00:08]} Nc6 {[%emt 0:02:57]} 4. Bg2 {[%emt 0:00:10]} e6 {[%emt 0:00:46]} 5. e4 {[%emt 0:05:22]} Be7 {[%emt 0:03:19]} 6. Nge2 {[%emt 0:00:20]} O-O {[%emt 0:01:16]} 7. O-O {[%emt 0:01:58]} d6 {[%emt 0:00:53]} 8. d3 {[%emt 0:02:15]} a6 {[%emt 0:02:10]} 9. h3 {[%emt 0:05:17]} Rb8 {[%emt 0:02:24]} 10. a4 {[%emt 0:00:10]} b6 {[%emt 0:15:43]} 11. f4 {[%emt 0:03:34]} Bb7 {[%emt 0:04:47]} 12. g4 {[%emt 0:05:50]} Ne8 {[%emt 0:00:58]} 13. Be3 {[%emt 0:10:31]} Nc7 {[%emt 0:13:23]} 14. Qd2 {[%emt 0:03:37]} Na5 {[%emt 0:10:50]} 15. Rad1 {[%emt 0:12:51]} 1/2-1/2

[Event "Paul Keres Memorial-U20 Girls 2020"]
[Site "Parnu"]
[Date "2020.08.01"]
[Round "7.5"]
[White "Limanovska, Elizabete"]
[Black "Muetsch, Annmarie"]
[Result "1-0"]
[WhiteElo "2179"]
[BlackElo "2219"]
[Annotator "ChessBase"]
[PlyCount "121"]
[EventDate "2020.07.27"]
[EventType "tourn"]
[EventCountry "EST"]
[TimeControl "5400+30"]

1. e4 {[%emt 0:00:00]} d6 {[%emt 0:00:37]} 2. d4 {[%emt 0:00:00]} Nf6 {[%emt 0:00:14]} 3. Bd3 {[%emt 0:03:13]} e5 {[%emt 0:01:49]} 4. d5 {[%emt 0:04:49]} g6 {[%emt 0:01:39]} 5. c4 {[%emt 0:04:39]} Nbd7 {[%emt 0:01:48]} 6. Nc3 {[%emt 0:01:15]} a5 {[%emt 0:01:33]} 7. Nf3 {[%emt 0:01:30]} Bg7 {[%emt 0:01:08]} 8. h3 {[%emt 0:03:24]} Nh5 {[%emt 0:05:17]} 9. Ne2 {[%emt 0:12:34]} Nc5 {[%emt 0:03:13]} 10. Bc2 {[%emt 0:03:24]} O-O {[%emt 0:02:35]} 11. Bd2 {[%emt 0:08:00]} f5 {[%emt 0:10:29]} 12. exf5 {[%emt 0:00:05]} Bxf5 {[%emt 0:02:32]} 13. Bxf5 {[%emt 0:07:12]} Rxf5 {[%emt 0:00:13]} 14. O-O {[%emt 0:01:58]} Rxf3 {[%emt 0:04:07]} 15. gxf3 {[%emt 0:00:25]} Qh4 {[%emt 0:01:19]} 16. Kh2 {[%emt 0:05:10]} Rf8 {[%emt 0:03:11]} 17. Ng3 {[%emt 0:02:44]} Nf4 {[%emt 0:02:41]} 18. Bxf4 {[%emt 0:00:29]} exf4 {[%emt 0:00:41]} 19. Ne2 {[%emt 0:01:57]} Rf5 {[%emt 0:01:41]} 20. Qd2 {[%emt 0:03:03]} Nd7 {[%emt 0:04:30]} 21. Qxa5 {[%emt 0:03:44]} Rh5 {[%emt 0:01:54]} 22. Ng1 {[%emt 0:00:11]} Ne5 {[%emt 0:00:54]} 23. Qa3 {[%emt 0:00:47]} Bf8 {[%emt 0:07:10]} 24. Rac1 {[%emt 0:03:55]} Qd8 {[%emt 0:03:35]} 25. b4 {[%emt 0:01:02]} Nf7 {[%emt 0:01:26]} 26. Qd3 {[%emt 0:02:08]} Ng5 {[%emt 0:04:29]} 27. Rfd1 {[%emt 0:02:41]} Qd7 {[%emt 0:02:15]} 28. Qf1 {[%emt 0:00:04]} b6 {[%emt 0:00:52]} 29. Rd3 {[%emt 0:01:50]} Rh4 {[%emt 0:01:46]} 30. Ra3 {[%emt 0:01:42]} Qc8 {[%emt 0:00:44]} 31. Rcc3 {[%emt 0:02:18]} Bg7 {[%emt 0:01:59]} 32. Rd3 {[%emt 0:01:22]} Be5 {[%emt 0:02:01]} 33. Ra4 {[%emt 0:02:55]} Kg7 {[%emt 0:00:33]} 34. Rda3 {[%emt 0:00:17]} Kh6 {[%emt 0:02:57]} 35. Ra8 {[%emt 0:02:24]} Qf5 {[%emt 0:01:21]} 36. Rd3 {[%emt 0:01:23]} Qd7 {[%emt 0:03:25]} 37. b5 {[%emt 0:04:04]} Qg7 {[%emt 0:01:24]} 38. a4 {[%emt 0:01:19]} Bd4 {[%emt 0:00:58]} 39. Re8 {[%emt 0:01:18]} Qd7 {[%emt 0:01:51]} 40. Re2 {[%emt 0:01:39]} Bc5 {[%emt 0:01:03]} 41. Rb3 {[%emt 0:00:21]} Qf5 {[%emt 0:00:33]} 42. Ra2 {[%emt 0:02:58]} Rh5 {[%emt 0:01:49]} 43. Rb1 {[%emt 0:00:44]} Kg7 {[%emt 0:03:50]} 44. Re1 {[%emt 0:00:08]} Kh6 {[%emt 0:00:51]} 45. Re7 {[%emt 0:00:42]} Qc8 {[%emt 0:02:53]} 46. Rae2 {[%emt 0:01:38]} Bd4 {[%emt 0:00:50]} 47. Re8 {[%emt 0:00:40]} Qf5 {[%emt 0:00:46]} 48. R2e7 {[%emt 0:00:06]} Qc2 {[%emt 0:05:58]} 49. Qe2 {[%emt 0:00:05]} Qxa4 {[%emt 0:00:53]} 50. Rxc7 {[%emt 0:01:38]} Rh4 {[%emt 0:01:13]} 51. Kg2 {[%emt 0:00:52]} Qb3 {[%emt 0:00:50]} 52. Qe7 {[%emt 0:01:00]} Qc2 {[%emt 0:00:47]} 53. Qf8+ {[%emt 0:00:37]} Kh5 {[%emt 0:00:05]} 54. Re2 {[%emt 0:00:04]} Qd3 {[%emt 0:00:39]} 55. Qxd6 {[%emt 0:00:34]} h6 {[%emt 0:00:48]} 56. Rc6 {[%emt 0:01:10]} Qb1 {[%emt 0:00:43]} 57. Qe7 {[%emt 0:01:22]} Nxh3 {[%emt 0:00:34]} 58. Nxh3 {[%emt 0:00:45]} Rxh3 {[%emt 0:00:07]} 59. Re1 {[%emt 0:00:02]} Qc2 {[%emt 0:00:56]} 60. Kxh3 {[%emt 0:00:59]} Qxf2 {[%emt 0:00:19]} 61. Re5+ {[%emt 0:00:15]} 1-0

[Event "Paul Keres Memorial-U20 Girls 2020"]
[Site "Parnu"]
[Date "2020.08.01"]
[Round "8.1"]
[White "Olde, Margareth"]
[Black "Muetsch, Annmarie"]
[Result "1/2-1/2"]
[WhiteElo "2201"]
[BlackElo "2219"]
[Annotator "ChessBase"]
[PlyCount "88"]
[EventDate "2020.07.27"]
[EventType "tourn"]
[EventCountry "EST"]
[TimeControl "5400+30"]

1. d4 {[%emt 0:00:00]} Nf6 {[%emt 0:00:00]} 2. c4 {[%emt 0:00:00]} g6 {[%emt 0:00:00]} 3. Nc3 {[%emt 0:00:00]} Bg7 {[%emt 0:00:00]} 4. e4 {[%emt 0:00:00]} d6 {[%emt 0:00:00]} 5. h3 {[%emt 0:00:00]} O-O {[%emt 0:00:02]} 6. Be3 {[%emt 0:00:00]} e5 {[%emt 0:00:10]} 7. d5 {[%emt 0:00:06]} a5 {[%emt 0:00:07]} 8. Nf3 {[%emt 0:00:19]} Na6 {[%emt 0:00:17]} 9. g4 {[%emt 0:00:10]} Nc5 {[%emt 0:00:11]} 10. Nd2 {[%emt 0:00:08]} Bd7 {[%emt 0:00:16]} 11. Qc2 {[%emt 0:04:49]} a4 {[%emt 0:01:42]} 12. a3 {[%emt 0:00:32]} c6 {[%emt 0:06:53]} 13. O-O-O {[%emt 0:01:22]} Qa5 {[%emt 0:03:15]} 14. Bxc5 {[%emt 0:04:17]} Qxc5 {[%emt 0:02:15]} 15. Nxa4 {[%emt 0:10:41]} Qxf2 {[%emt 0:08:40]} 16. dxc6 {[%emt 0:04:34]} Bxc6 {[%emt 0:01:17]} 17. Nc3 {[%emt 0:00:14]} Rfc8 {[%emt 0:06:49]} 18. Bd3 {[%emt 0:02:17]} Qa7 {[%emt 0:04:16]} 19. Nb3 {[%emt 0:07:52]} Bh6+ {[%emt 0:06:16]} 20. Kb1 {[%emt 0:00:11]} Ba4 {[%emt 0:07:49]} 21. Nxa4 {[%emt 0:05:28]} Qxa4 {[%emt 0:00:05]} 22. Nc1 {[%emt 0:03:27]} Qxc2+ {[%emt 0:04:01]} 23. Bxc2 {[%emt 0:09:34]} Bxc1 {[%emt 0:13:41]} 24. Rxc1 {[%emt 0:02:36]} Rxc4 {[%emt 0:00:15]} 25. Bb3 {[%emt 0:00:30]} Rc5 {[%emt 0:06:19]} 26. Rcd1 {[%emt 0:07:01]} Nxe4 {[%emt 0:10:14]} 27. Rhe1 {[%emt 0:01:52]} Ng5 {[%emt 0:02:05]} 28. Rxd6 {[%emt 0:01:39]} Nxh3 {[%emt 0:02:52]} 29. Rd7 {[%emt 0:01:48]} Ng5 {[%emt 0:01:19]} 30. Rf1 {[%emt 0:03:51]} Rf8 {[%emt 0:00:43]} 31. Rxb7 {[%emt 0:01:00]} e4 {[%emt 0:00:53]} 32. Re7 {[%emt 0:01:06]} Rcc8 {[%emt 0:00:33]} 33. Bd5 {[%emt 0:06:34]} Kg7 {[%emt 0:02:13]} 34. Bxe4 {[%emt 0:01:56]} Rc4 {[%emt 0:00:12]} 35. Bd5 {[%emt 0:01:59]} Rxg4 {[%emt 0:00:10]} 36. b4 {[%emt 0:00:33]} Rg3 {[%emt 0:05:28]} 37. Kb2 {[%emt 0:02:27]} Rd8 {[%emt 0:01:21]} 38. Bxf7 {[%emt 0:01:47]} Rd2+ {[%emt 0:01:04]} 39. Kc1 {[%emt 0:00:19]} Rh2 {[%emt 0:00:06]} 40. Bd5+ {[%emt 0:06:06]} Kh6 {[%emt 0:00:04]} 41. b5 {[%emt 0:00:53]} Rxa3 {[%emt 0:00:54]} 42. Kb1 {[%emt 0:00:02]} Rd3 {[%emt 0:02:46]} 43. Bc6 {[%emt 0:07:45]} Rb3+ {[%emt 0:00:35]} 44. Ka1 {[%emt 0:00:27]} Ra3+ {[%emt 0:00:17]} 1/2-1/2

[Event "Paul Keres Memorial-U20 Girls 2020"]
[Site "Parnu"]
[Date "2020.08.01"]
[Round "8.2"]
[White "Kiolbasa, Oliwia"]
[Black "Limanovska, Elizabete"]
[Result "1/2-1/2"]
[WhiteElo "2160"]
[BlackElo "2179"]
[Annotator "ChessBase"]
[PlyCount "65"]
[EventDate "2020.07.27"]
[EventType "tourn"]
[EventCountry "EST"]
[TimeControl "5400+30"]

1. e4 {[%emt 0:00:00]} e5 {[%emt 0:00:00]} 2. Nf3 {[%emt 0:00:00]} Nc6 {[%emt 0:00:00]} 3. Bb5 {[%emt 0:00:00]} a6 {[%emt 0:00:00]} 4. Ba4 {[%emt 0:00:08]} Nf6 {[%emt 0:00:00]} 5. O-O {[%emt 0:00:17]} Be7 {[%emt 0:00:05]} 6. d3 {[%emt 0:00:24]} b5 {[%emt 0:00:34]} 7. Bb3 {[%emt 0:00:10]} d6 {[%emt 0:00:09]} 8. a3 {[%emt 0:00:09]} Bg4 {[%emt 0:06:16]} 9. Be3 {[%emt 0:08:07]} O-O {[%emt 0:09:30]} 10. Nc3 {[%emt 0:00:19]} Nd4 {[%emt 0:05:18]} 11. Bxd4 {[%emt 0:00:15]} exd4 {[%emt 0:00:03]} 12. Nd5 {[%emt 0:00:11]} c5 {[%emt 0:00:56]} 13. h3 {[%emt 0:05:42]} Be6 {[%emt 0:01:43]} 14. Nd2 {[%emt 0:29:19]} Nxd5 {[%emt 0:03:42]} 15. Bxd5 {[%emt 0:01:04]} Bxd5 {[%emt 0:00:04]} 16. exd5 {[%emt 0:00:11]} Re8 {[%emt 0:04:53]} 17. Re1 {[%emt 0:10:54]} Bf8 {[%emt 0:02:12]} 18. Qf3 {[%emt 0:00:45]} Ra7 {[%emt 0:05:01]} 19. Re4 {[%emt 0:06:09]} Re5 {[%emt 0:08:22]} 20. a4 {[%emt 0:04:00]} Rae7 {[%emt 0:17:52]} 21. axb5 {[%emt 0:07:10]} axb5 {[%emt 0:00:03]} 22. Ra6 {[%emt 0:00:34]} f5 {[%emt 0:03:50]} 23. Rxe5 {[%emt 0:04:33]} Rxe5 {[%emt 0:02:02]} 24. b4 {[%emt 0:00:06]} Qe8 {[%emt 0:03:13]} 25. bxc5 {[%emt 0:06:58]} dxc5 {[%emt 0:03:30]} 26. d6 {[%emt 0:00:31]} Qe6 {[%emt 0:09:12]} 27. Qc6 {[%emt 0:02:25]} Rd5 {[%emt 0:04:06]} 28. Qxb5 {[%emt 0:02:34]} Rxd6 {[%emt 0:01:34]} 29. Rxd6 {[%emt 0:04:25]} Qe1+ {[%emt 0:04:08]} 30. Nf1 {[%emt 0:00:17]} Bxd6 {[%emt 0:00:02]} 31. Qc4+ {[%emt 0:00:53]} Kf8 {[%emt 0:00:03]} 32. Qd5 {[%emt 0:00:45]} Qe5 {[%emt 0:00:07]} 33. Qxe5 {[%emt 0:01:29]} 1/2-1/2